01235cam a22003131a 4500001001300000003000400013005001700017008004100034010001700075035001900092040002500111043001200136050002100148051001500169100004800184245014700232260004900379300007800428490008700506500001700593500005100610500002100661650002300682650002100705700004000726830005900766830007900825999001700904gs 15000845 DLC20260227111318.0790620s1915 oncbf f000 0 eng  ags 15000845  a(OCoLC)5085692 aDLCcTxCMdPPiUdDLC an-cn---00aQH1b.C13 no. 18 aQE446b.K51 aKindle, E. M.q(Edward Martin),d1869-1940.10aStructural relations of the pre-Cambrian and Palaeozoic rocks north of the Ottawa and St. Lawrence valleys /cby E.M. Kindle and L.D. Burling. aOttawa :bGovernment Printing Bureau,c1915. aii, 23 p., [7] leaves of plates :bill., maps, plans [1] folded ;c25 cm.1 aMuseum bulletin / National Museum of Canada ; no. 18.aGeological series ;vno. 28 aCover title. aAt head of title: Canada. Department of mines. a"July 23, 1915." 0aPetrologyzCanada. 0aGeologyzCanada.1 aBurling, Lancaster Demorest,d1882- 0aMuseum bulletin (National Museum of Canada) ;vno. 18. 0aMuseum bulletin (National Museum of Canada).pGeological series ;vno. 28. c25598d25598